[Event "?"]
[Site "?"]
[Date "????.??.??"]
[Round "?"]
[White "Gofshtein, L."]
[Black "Bachmann, K."]
[Result "1/2-1/2"]
[WhiteElo "2460"]
[BlackElo "2244"]
[PlyCount "80"]
[EventDate "2013.??.??"]
[WhiteTeam "Israel"]
[BlackTeam "SF Katernberg"]

1. e4 c5 2. Nf3 e6 3. Nc3 d6 4. d4 cxd4 5. Qxd4 Nc6 6. Bb5 Bd7 7. Bxc6 Bxc6 8.
Bg5 Nf6 9. O-O-O Be7 10. Qd3 O-O 11. Nd4 Qa5 12. f4 Rfd8 13. h4 Rac8 14. f5 Bd7
15. Kb1 h6 16. Bd2 Qa6 17. Qf3 b5 18. g4 b4 19. g5 bxc3 20. gxf6 Bxf6 21. Bxc3
e5 22. Ne2 Bc6 23. Ng3 Qb7 24. Qg4 Kf8 25. a3 Rb8 26. Rd2 a5 27. b3 Ra8 28.
Rhd1 Ke7 29. Rd3 Rd7 30. R1d2 Qb6 31. Qd1 Rad8 32. Qg4 Ra8 33. Rd1 Qb7 34. Bd2
d5 35. exd5 Rxd5 36. Bc3 Rxd3 37. Rxd3 Qb6 38. Ne4 Rd8 39. Rxd8 Qxd8 40. Nxf6
Kxf6 1/2-1/2

[Event "?"]
[Site "?"]
[Date "????.??.??"]
[Round "?"]
[White "Rosen, W."]
[Black "Tseitlin, M."]
[Result "0-1"]
[WhiteElo "2290"]
[BlackElo "2388"]
[PlyCount "94"]
[EventDate "2013.??.??"]
[WhiteTeam "SF Katernberg"]
[BlackTeam "Israel"]

1. e4 c5 2. Nf3 d6 3. d4 cxd4 4. Nxd4 Nf6 5. Nc3 a6 6. Be3 e5 7. Nb3 Be7 8. Qd2
Be6 9. O-O-O O-O 10. f3 a5 11. Bb5 Nbd7 12. Qf2 Qb8 13. a4 Rc8 14. g4 Rxc3 15.
bxc3 Qc7 16. Kb2 Rc8 17. Bd2 Nb6 18. Ra1 d5 19. g5 Ne8 20. exd5 Bxd5 21. Nxa5
Nd6 22. Kc1 e4 23. Re1 Bf8 24. fxe4 Nxe4 25. Rxe4 Bxe4 26. Nb3 Nc4 27. Bxc4
Qxc4 28. Qd4 Qe6 29. Kb2 Bg6 30. Qe3 Qd7 31. a5 Re8 32. Qf3 Qb5 33. h4 Re2 34.
Qf4 Re4 35. Qf2 Qc4 36. Qb6 Qd5 37. a6 bxa6 38. Ra5 Qd7 39. Rxa6 Re2 40. Kc1
Qf5 41. Ra2 Qf1+ 42. Kb2 Qd1 43. Nd4 Rxd2 44. Ra8 Rxc2+ 45. Nxc2 Qxc2+ 46. Ka1
Qd1+ 47. Ka2 Qd5+ 0-1

[Event "?"]
[Site "?"]
[Date "????.??.??"]
[Round "?"]
[White "Birnboim, N."]
[Black "Nautsch, W."]
[Result "1-0"]
[WhiteElo "2356"]
[BlackElo "2206"]
[PlyCount "105"]
[EventDate "2013.??.??"]
[WhiteTeam "Israel"]
[BlackTeam "SF Katernberg"]

1. d4 d5 2. c4 c6 3. Nf3 Nf6 4. Nc3 dxc4 5. a4 Bf5 6. e3 e6 7. Bxc4 Nbd7 8. O-O
Be7 9. h3 O-O 10. Qe2 Ne4 11. Nd2 Nxc3 12. bxc3 Nb6 13. Bb3 h6 14. e4 Bh7 15.
a5 Nd7 16. e5 Qc7 17. f4 Rfd8 18. g4 Nf8 19. f5 Bg5 20. Qf2 c5 21. h4 Bxd2 22.
Bxd2 Qd7 23. Be3 cxd4 24. cxd4 Rac8 25. d5 exf5 26. gxf5 Bxf5 27. Qxf5 Qxf5 28.
Rxf5 Rc3 29. e6 Rxe3 30. exf7+ Kh8 31. Rb1 g6 32. Rf4 Kg7 33. Rb4 Re7 34. Ba2
Rxf7 35. Rxb7 Rxb7 36. Rxb7+ Rd7 37. Rb8 Rc7 38. Rb2 Nd7 39. Kf2 Kf6 40. Ke3
Ke5 41. Re2 Nc5 42. Rg2 Rg7 43. Rc2 Nb7 44. Re2 Nxa5 45. Kd3+ Kd6 46. Kd4 g5
47. Re6+ Kc7 48. h5 Rf7 49. Rxh6 Rf2 50. Bb1 Nb3+ 51. Ke3 Rh2 52. Bf5 a5 53.
d6+ 1-0

[Event "?"]
[Site "?"]
[Date "????.??.??"]
[Round "?"]
[White "Rooze, J."]
[Black "Uhlmann, W."]
[Result "0-1"]
[WhiteElo "2386"]
[BlackElo "2340"]
[PlyCount "58"]
[EventDate "2013.??.??"]
[WhiteTeam "Belgien 1"]
[BlackTeam "Deutschland A"]

1. c4 Nf6 2. g3 c5 3. Bg2 Nc6 4. Nc3 g6 5. e4 Bg7 6. Nge2 O-O 7. d3 d6 8. O-O
a6 9. h3 Rb8 10. a4 Ne8 11. Be3 Nd4 12. Rb1 Bd7 13. b4 b6 14. Kh2 Nc7 15. b5 f5
16. bxa6 Nxa6 17. Bxd4 cxd4 18. Nb5 fxe4 19. Bxe4 Nc5 20. Nexd4 Nxe4 21. dxe4
Qc8 22. f4 Qxc4 23. Rf2 Ra8 24. Rc2 Qxa4 25. Rc7 Bxb5 26. Nxb5 Qxe4 27. Qb3+
Kh8 28. Rc2 Rfc8 29. Nc7 Ra3 0-1

[Event "?"]
[Site "?"]
[Date "????.??.??"]
[Round "?"]
[White "Schulze, U."]
[Black "Roofthoofd, M."]
[Result "1-0"]
[WhiteElo "2316"]
[BlackElo "2196"]
[PlyCount "45"]
[EventDate "2013.??.??"]
[WhiteTeam "Deutschland A"]
[BlackTeam "Belgien 1"]

1. Nf3 g6 2. d4 Bg7 3. e4 c6 4. Nc3 d5 5. h3 dxe4 6. Nxe4 Nd7 7. Bd3 Ngf6 8.
Nxf6+ Nxf6 9. O-O O-O 10. Re1 Qc7 11. Bg5 c5 12. dxc5 Qxc5 13. Re5 Qd6 14. Bc4
Qxd1+ 15. Rxd1 e6 16. Ree1 h6 17. Bh4 a6 18. Ne5 g5 19. Bg3 b5 20. Be2 Bb7 21.
c4 bxc4 22. Nxc4 Nd5 23. Bf3 1-0

[Event "?"]
[Site "?"]
[Date "????.??.??"]
[Round "?"]
[White "Maes, V."]
[Black "Haakert, J."]
[Result "0-1"]
[WhiteElo "2182"]
[BlackElo "2385"]
[PlyCount "74"]
[EventDate "2013.??.??"]
[WhiteTeam "Belgien 1"]
[BlackTeam "Deutschland A"]

1. d4 Nf6 2. Nf3 e6 3. Bf4 c5 4. e3 b6 5. c3 Be7 6. h3 O-O 7. Nbd2 Bb7 8. Be2
d6 9. O-O cxd4 10. cxd4 Nc6 11. Rc1 Qd7 12. a3 Rfc8 13. b4 Rc7 14. Qb3 Rac8 15.
Qb2 Nd5 16. Bg3 Nb8 17. e4 Nc3 18. Bd3 Ba6 19. Bxa6 Nxa6 20. Kh2 h6 21. Rfe1
Na4 22. Rxc7 Qxc7 23. Qb3 Qc2 24. Re3 Qxb3 25. Rxb3 Rc3 26. Ne1 Rc1 27. Nd3 Rc2
28. Nf1 Rc4 29. d5 Rxe4 30. dxe6 fxe6 31. Nf4 Bg5 32. Nd3 e5 33. f3 Rc4 34. Nf2
Rc3 35. Rxc3 Nxc3 36. Ne4 Nxe4 37. fxe4 Bc1 0-1

[Event "?"]
[Site "?"]
[Date "????.??.??"]
[Round "?"]
[White "Faibisovich, V."]
[Black "Danner, G."]
[Result "1/2-1/2"]
[WhiteElo "2348"]
[BlackElo "2315"]
[PlyCount "119"]
[EventDate "2013.??.??"]
[WhiteTeam "Sankt Petersburg"]
[BlackTeam "Österreich"]

1. e4 c5 2. Nf3 d6 3. d4 cxd4 4. Nxd4 Nf6 5. Nc3 Nc6 6. Be2 Nxd4 7. Qxd4 g6 8.
O-O Bg7 9. Be3 O-O 10. Qd2 Be6 11. Rad1 Qa5 12. f3 Rfc8 13. Nd5 Qxd2 14. Rxd2
Bxd5 15. exd5 a6 16. c4 b5 17. Rc1 Nd7 18. b4 a5 19. c5 axb4 20. c6 Nc5 21.
Bxc5 dxc5 22. Rxc5 Bc3 23. Rd1 Rxa2 24. Kf1 Be5 25. Rxb5 Bxh2 26. Rxb4 Rc2 27.
Rc4 Rxc4 28. Bxc4 Rb8 29. Rd2 Rb1+ 30. Ke2 Rc1 31. Kd3 Kf8 32. Rc2 Rxc2 33.
Kxc2 Ke8 34. Kd3 Bd6 35. Bb3 Kd8 36. Kc4 Kc7 37. Kb5 h5 38. Ba2 h4 39. Bb3 f5
40. Bc2 Bg3 41. Kc5 Bf2+ 42. Kb5 Be3 43. Bb3 Bg1 44. Ba2 Ba7 45. Ka6 Bb8 46.
Bb3 Kd6 47. Kb7 Bc7 48. Kc8 Ba5 49. Kb7 g5 50. Bc2 e6 51. dxe6 Kxe6 52. c7 Bxc7
53. Kxc7 Ke5 54. Kd7 g4 55. fxg4 fxg4 56. Ba4 Kf4 57. Ke6 h3 58. gxh3 gxh3 59.
Bc6 h2 60. Kf6 1/2-1/2

[Event "?"]
[Site "?"]
[Date "????.??.??"]
[Round "?"]
[White "Kwatschewsky, L."]
[Black "Karasev, V."]
[Result "0-1"]
[WhiteElo "2205"]
[BlackElo "2358"]
[PlyCount "87"]
[EventDate "2013.??.??"]
[WhiteTeam "Österreich"]
[BlackTeam "Sankt Petersburg"]

1. c4 e5 2. g3 Nf6 3. Bg2 Nc6 4. Nc3 d6 5. d3 Be7 6. Nf3 O-O 7. O-O Re8 8. e4
Bf8 9. h3 g6 10. Rb1 Bg7 11. b4 a6 12. a4 Nd7 13. Nd5 Nd4 14. Nxd4 exd4 15. Nf4
c6 16. Qc2 a5 17. b5 Nc5 18. Ba3 Ne6 19. Nxe6 Rxe6 20. Rbe1 Re8 21. Kh2 c5 22.
Bc1 Ra7 23. Bf4 b6 24. Qc1 Rae7 25. Bh6 f6 26. Bxg7 Kxg7 27. f3 f5 28. Qf4 Re5
29. Qd2 fxe4 30. fxe4 Qe7 31. Rf2 Rf8 32. Rxf8 Qxf8 33. Rf1 Qe7 34. Qf2 h5 35.
Qe2 g5 36. h4 d5 37. cxd5 Rxd5 38. Rf2 Re5 39. Bf1 Be6 40. Qb2 Bf7 41. Be2 Re6
42. Bd1 Rf6 43. Qd2 Rxf2+ 44. Qxf2 0-1

[Event "?"]
[Site "?"]
[Date "????.??.??"]
[Round "?"]
[White "Shushpanov, V."]
[Black "Woeber, F."]
[Result "0-1"]
[WhiteElo "2308"]
[BlackElo "2192"]
[PlyCount "84"]
[EventDate "2013.??.??"]
[WhiteTeam "Sankt Petersburg"]
[BlackTeam "Österreich"]

1. Nf3 Nf6 2. g3 g6 3. d4 Bg7 4. Bg2 O-O 5. O-O d5 6. c4 c6 7. b3 a5 8. Nc3 Ne4
9. Bb2 Nxc3 10. Bxc3 b5 11. Ne5 Bb7 12. cxb5 cxb5 13. Qd3 Qb6 14. Rfc1 b4 15.
Bd2 Rd8 16. Qf3 Bf6 17. Ng4 Nd7 18. Be3 Rac8 19. Bh3 Rc3 20. Rxc3 bxc3 21. Rc1
Qb4 22. Bf4 Qxd4 23. Nxf6+ Qxf6 24. Bc7 Qxf3 25. exf3 Rc8 26. Bxa5 e6 27. Rxc3
Ra8 28. Bb4 Ne5 29. Rc7 Ba6 30. f4 Nf3+ 31. Kg2 Be2 32. Bg4 Ne1+ 33. Bxe1 Bxg4
34. Bc3 h6 35. a4 Bd1 36. Rb7 g5 37. a5 g4 38. Bd2 d4 39. Kf1 Bf3 40. Rc7 f5
41. b4 e5 42. fxe5 Re8 0-1

[Event "?"]
[Site "?"]
[Date "????.??.??"]
[Round "?"]
[White "Winiwarter, F."]
[Black "Golcman, E."]
[Result "1-0"]
[WhiteElo "2167"]
[BlackElo "2264"]
[PlyCount "73"]
[EventDate "2013.??.??"]
[WhiteTeam "Österreich"]
[BlackTeam "Sankt Petersburg"]

1. d4 f5 2. Nf3 Nf6 3. g3 g6 4. Bg2 Bg7 5. O-O O-O 6. c4 d6 7. Nc3 Nc6 8. d5
Na5 9. Nd2 c5 10. Qc2 Bd7 11. b3 a6 12. Bb2 b5 13. Rae1 Rb8 14. Ba1 Qc7 15. f4
bxc4 16. bxc4 Rb4 17. Qd3 Rfb8 18. h3 Ne4 19. Ncxe4 Bxa1 20. Rxa1 fxe4 21. Bxe4
Bxh3 22. Rf2 e6 23. Rh2 Bf5 24. dxe6 Qg7 25. Rc1 Bxe6 26. Bd5 Qf7 27. Ne4 Bxd5
28. cxd5 Rd4 29. Qf3 Qf5 30. Nxd6 Qxd5 31. Qxd5+ Rxd5 32. Ne4 Rd4 33. Nf6+ Kg7
34. Rxc5 Rb5 35. Ne8+ Kf7 36. Rxh7+ Ke6 37. Nc7+ 1-0

[Event "?"]
[Site "?"]
[Date "????.??.??"]
[Round "?"]
[White "Vogt, L."]
[Black "Ost-Hansen, J."]
[Result "1-0"]
[WhiteElo "2402"]
[BlackElo "2386"]
[PlyCount "59"]
[EventDate "2013.??.??"]
[WhiteTeam "SC Eppingen"]
[BlackTeam "Dänemark 1"]

1. e4 c5 2. c3 e6 3. Nf3 d5 4. exd5 exd5 5. d4 Nc6 6. Be2 Bd6 7. dxc5 Bxc5 8.
Nbd2 Nge7 9. Nb3 Bb6 10. O-O O-O 11. Bd3 h6 12. Re1 Bg4 13. Be3 Bc7 14. Be2 Nf5
15. Bc5 Re8 16. h3 Bxf3 17. Bxf3 Rxe1+ 18. Qxe1 Nh4 19. Nd2 Ne5 20. Qe3 Nhxf3+
21. Nxf3 Nc4 22. Qe2 b6 23. Bd4 Qe8 24. Re1 Qxe2 25. Rxe2 Kf8 26. Kf1 Rd8 27.
Ke1 Na5 28. Kd2 Nc6 29. Kd3 Bd6 30. Be5 1-0

[Event "?"]
[Site "?"]
[Date "????.??.??"]
[Round "?"]
[White "Sloth, J."]
[Black "Sandmeier, T."]
[Result "1-0"]
[WhiteElo "2342"]
[BlackElo "2204"]
[PlyCount "69"]
[EventDate "2013.??.??"]
[WhiteTeam "Dänemark 1"]
[BlackTeam "SC Eppingen"]

1. d4 f5 2. g3 Nf6 3. Bg2 e6 4. Nf3 Be7 5. c4 O-O 6. d5 Na6 7. Nc3 Nc5 8. Nd4
Qe8 9. Ndb5 Bd8 10. d6 cxd6 11. Nxd6 Qh5 12. Be3 Nce4 13. Ncxe4 fxe4 14. Nxe4
Ng4 15. Bc5 Ba5+ 16. Kf1 Rf7 17. h3 Nf6 18. Bf3 Qg6 19. Nd6 Rf8 20. b4 Bc7 21.
Nxc8 Raxc8 22. Bxf8 Rxf8 23. Qd3 Qh6 24. Kg2 d5 25. cxd5 exd5 26. Rac1 Bb6 27.
a4 Qg5 28. e3 Qe5 29. Rhd1 a6 30. a5 Ba7 31. Bxd5+ Kh8 32. Bxb7 Bb8 33. Rc8 Ne8
34. f4 Qe6 35. Rxb8 1-0

[Event "?"]
[Site "?"]
[Date "????.??.??"]
[Round "?"]
[White "Staub, G."]
[Black "Rosenlund, T."]
[Result "0-1"]
[WhiteElo "2097"]
[BlackElo "2263"]
[PlyCount "46"]
[EventDate "2013.??.??"]
[WhiteTeam "SC Eppingen"]
[BlackTeam "Dänemark 1"]

1. Nf3 d5 2. b3 Nf6 3. Bb2 e6 4. e3 Be7 5. Be2 O-O 6. d3 c5 7. Nbd2 Nc6 8. c4
d4 9. exd4 cxd4 10. O-O e5 11. a3 a5 12. Ne1 Nd7 13. Bf3 Nc5 14. Bxc6 bxc6 15.
b4 Ne6 16. Nef3 f6 17. Qc2 axb4 18. axb4 Rxa1 19. Rxa1 Bxb4 20. Qa4 c5 21. Qc6
Qd7 22. Qb6 Nf4 23. Ne4 Qg4 0-1

[Event "?"]
[Site "?"]
[Date "????.??.??"]
[Round "?"]
[White "Sorensen, B."]
[Black "Striebich, R."]
[Result "0-1"]
[WhiteElo "2256"]
[BlackElo "2190"]
[PlyCount "90"]
[EventDate "2013.??.??"]
[WhiteTeam "Dänemark 1"]
[BlackTeam "SC Eppingen"]

1. Nf3 Nf6 2. g3 d5 3. Bg2 Bf5 4. d3 h6 5. Nbd2 Nbd7 6. O-O e6 7. b3 Be7 8. Bb2
O-O 9. Nd4 Bh7 10. e4 dxe4 11. dxe4 c6 12. Qe2 Qc7 13. Rfe1 e5 14. Nf5 Bc5 15.
Rad1 Rfe8 16. Bh3 b5 17. a3 Bf8 18. Qf3 g6 19. Ne3 Bg7 20. c4 Nc5 21. Bf1 a6
22. b4 Ne6 23. Nc2 Rad8 24. Qc3 Nd4 25. cxb5 axb5 26. Nxd4 exd4 27. Qc2 Qb6 28.
Nb3 Ng4 29. Nc5 g5 30. Kh1 Ne5 31. Qb3 Nd7 32. Qc2 Nxc5 33. bxc5 Qa7 34. Bg2
Qc7 35. Qb3 Be5 36. Rd3 Qe7 37. Qb4 Qf6 38. Rf1 g4 39. f4 gxf3 40. Rdxf3 Qe6
41. Rd3 Qc4 42. Rfd1 Bg7 43. Bxd4 Rxe4 44. Bxg7 Rxd3 45. Qxc4 Rxd1+ 0-1

[Event "?"]
[Site "?"]
[Date "????.??.??"]
[Round "?"]
[White "Vinke, Di"]
[Black "Klundt, K."]
[Result "1/2-1/2"]
[WhiteElo "2225"]
[BlackElo "2338"]
[PlyCount "121"]
[EventDate "2013.??.??"]
[WhiteTeam "Finnland"]
[BlackTeam "Hessen 1"]

1. Nf3 Nf6 2. g3 d5 3. Bg2 c6 4. O-O Bf5 5. d3 Nbd7 6. Nbd2 e5 7. Nh4 Be6 8. e4
Bc5 9. Nb3 Bb6 10. Qe2 O-O 11. h3 a5 12. Nd2 Re8 13. Rd1 Qe7 14. Nf1 a4 15. a3
Qc5 16. Ne3 Qb5 17. Nhf5 Bc7 18. c4 dxc4 19. dxc4 Qa6 20. f3 Nc5 21. Bf1 Nb3
22. Rb1 Bb6 23. Kg2 Rad8 24. Nd6 Re7 25. Nef5 Red7 26. Bg5 Nd4 27. Nxd4 Bxd4
28. Nf5 Bxf5 29. exf5 Rd6 30. Qc2 Qa7 31. b4 axb3 32. Rxb3 h6 33. Bxf6 Rxf6 34.
c5 Rd5 35. Qb1 Rxc5 36. Rxb7 Qxa3 37. Bd3 Rc3 38. g4 c5 39. h4 c4 40. g5 cxd3
41. gxf6 e4 42. Qb4 exf3+ 43. Kxf3 Bxf6 44. Qxa3 Rxa3 45. Rb4 Kh7 46. Rb7 Bxh4
47. Rxf7 d2+ 48. Ke2 Bg5 49. f6 Bxf6 50. Rxd2 Kg6 51. Rb7 h5 52. Rd3 Rxd3 53.
Kxd3 Kf5 54. Ke3 g6 55. Kf3 g5 56. Kg2 h4 57. Rh7 Kg6 58. Rb7 Be5 59. Rb6+ Kh5
60. Rb4 h3+ 61. Kh1 1/2-1/2

[Event "?"]
[Site "?"]
[Date "????.??.??"]
[Round "?"]
[White "Isserman, R."]
[Black "Morant, P."]
[Result "1-0"]
[WhiteElo "2331"]
[BlackElo "2166"]
[PlyCount "53"]
[EventDate "2013.??.??"]
[WhiteTeam "Hessen 1"]
[BlackTeam "Finnland"]

1. e4 c5 2. Nf3 Nc6 3. Bb5 g6 4. O-O Bg7 5. c3 Qb6 6. Na3 a6 7. Ba4 h5 8. Nc4
Qa7 9. Ne3 b5 10. Bc2 e6 11. a4 Qb7 12. d4 cxd4 13. cxd4 Nb4 14. Bb1 d5 15.
exd5 exd5 16. Bd2 a5 17. Bxb4 axb4 18. Nxd5 Kf8 19. Re1 Bg4 20. Qb3 bxa4 21.
Rxa4 Rxa4 22. Qxa4 Bxd4 23. Nxd4 Qxd5 24. Qxb4+ Kg7 25. h3 Nf6 26. hxg4 hxg4
27. Qe7 1-0

[Event "?"]
[Site "?"]
[Date "????.??.??"]
[Round "?"]
[White "Strutinskaya, G."]
[Black "Vucenovic, D."]
[Result "1/2-1/2"]
[WhiteElo "2300"]
[BlackElo "2271"]
[PlyCount "48"]
[EventDate "2013.??.??"]
[WhiteTeam "Rußland Frauen"]
[BlackTeam "Schweiz"]

1. d4 d5 2. c4 c6 3. Nc3 Nf6 4. Nf3 Nbd7 5. cxd5 cxd5 6. Bf4 e6 7. e3 Bb4 8.
Qb3 Qa5 9. Nd2 O-O 10. Bd3 b6 11. O-O Ba6 12. Qc2 Bxc3 13. bxc3 Rfc8 14. Rfc1
Rc6 15. a4 Bxd3 16. Qxd3 Rac8 17. Ra3 Ne4 18. Nb1 Qb4 19. f3 Qb2 20. Qc2 Qxc2
21. Rxc2 Nd6 22. Bxd6 Rxd6 23. Kf2 f6 24. Rb2 a5 1/2-1/2

[Event "?"]
[Site "?"]
[Date "????.??.??"]
[Round "?"]
[White "Bhend, E."]
[Black "Fatalibekova, E."]
[Result "1/2-1/2"]
[WhiteElo "2221"]
[BlackElo "2272"]
[PlyCount "46"]
[EventDate "2013.??.??"]
[WhiteTeam "Schweiz"]
[BlackTeam "Rußland Frauen"]

1. b3 e5 2. Bb2 Nc6 3. Nf3 e4 4. Nd4 Nf6 5. e3 Nxd4 6. Bxd4 d5 7. c4 c6 8. cxd5
Nxd5 9. Nc3 Nxc3 10. Bxc3 Bf5 11. Be2 Qd7 12. Qc2 f6 13. g4 Bg6 14. h4 O-O-O
15. h5 Bf7 16. h6 Bd5 17. hxg7 Bxg7 18. O-O-O f5 19. Bxg7 Qxg7 20. d4 Kb8 21.
Qc3 Qd7 22. Rh5 Rdg8 23. Rdh1 Rg7 1/2-1/2

[Event "?"]
[Site "?"]
[Date "????.??.??"]
[Round "?"]
[White "Saunina, L."]
[Black "Hohler, P."]
[Result "1/2-1/2"]
[WhiteElo "2208"]
[BlackElo "2180"]
[PlyCount "64"]
[EventDate "2013.??.??"]
[WhiteTeam "Rußland Frauen"]
[BlackTeam "Schweiz"]

1. d4 Nf6 2. c4 e6 3. Nc3 Bb4 4. Qc2 O-O 5. a3 Bxc3+ 6. Qxc3 b6 7. Bg5 Bb7 8.
f3 h6 9. Bh4 d5 10. cxd5 exd5 11. e3 Nbd7 12. Nh3 Rc8 13. Bd3 c5 14. O-O Re8
15. Qd2 Nf8 16. Bf5 Rc6 17. Rac1 Ne6 18. Rfe1 Nc7 19. Nf2 Qd6 20. Bg3 Qd8 21.
Nd3 cxd4 22. exd4 Rxc1 23. Rxc1 Ne6 24. Ne5 Nh5 25. Bf2 Qf6 26. Bg4 Nhf4 27. g3
h5 28. Bxe6 Nxe6 29. h4 Qe7 30. Kg2 Rc8 31. Be3 Rxc1 32. Qxc1 Qc7 1/2-1/2

[Event "?"]
[Site "?"]
[Date "????.??.??"]
[Round "?"]
[White "Illi, H."]
[Black "Titorenko, N."]
[Result "1/2-1/2"]
[WhiteElo "2129"]
[BlackElo "2164"]
[PlyCount "21"]
[EventDate "2013.??.??"]
[WhiteTeam "Schweiz"]
[BlackTeam "Rußland Frauen"]

1. d4 Nf6 2. Nf3 e6 3. Bg5 c5 4. e3 b6 5. c3 Bb7 6. Be2 Be7 7. O-O d6 8. Nbd2
Nbd7 9. Qa4 O-O 10. Ba6 Bxa6 11. Qxa6 1/2-1/2

[Event "?"]
[Site "?"]
[Date "????.??.??"]
[Round "?"]
[White "Urban, H."]
[Black "Dawson, A."]
[Result "1-0"]
[WhiteElo "2133"]
[BlackElo "1900"]
[PlyCount "87"]
[EventDate "2013.??.??"]
[WhiteTeam "Brandenburg"]
[BlackTeam "Schottland"]

1. e4 c5 2. Nc3 g6 3. g3 Bg7 4. Bg2 Nc6 5. d3 Nf6 6. f4 d6 7. Nf3 O-O 8. O-O e5
9. h3 a6 10. Be3 exf4 11. gxf4 Nh5 12. Qd2 Qa5 13. Qf2 Bd7 14. Nd2 Qd8 15. Nd5
Be6 16. c4 Nd4 17. Nf3 Nxf3+ 18. Qxf3 Bxd5 19. cxd5 b5 20. Rf2 Rc8 21. Rc1 Qh4
22. Qg4 Qe7 23. f5 Nf6 24. Qh4 Nxd5 25. Qxe7 Nxe7 26. f6 Bh8 27. fxe7 Rfe8 28.
Rfc2 Rxe7 29. b4 Rec7 30. bxc5 dxc5 31. Rxc5 Rxc5 32. Rxc5 Rd8 33. Bf1 Rd6 34.
Kf2 Bb2 35. Ke2 Ba3 36. Rc8+ Kg7 37. Bf4 Re6 38. h4 Be7 39. Bh3 f5 40. h5 Kf6
41. e5+ Kf7 42. Bg2 g5 43. Bd5 gxf4 44. Rc6 1-0

[Event "?"]
[Site "?"]
[Date "????.??.??"]
[Round "?"]
[White "Haase, W."]
[Black "Harestad, T."]
[Result "0-1"]
[WhiteElo "2120"]
[BlackElo "2199"]
[PlyCount "55"]
[EventDate "2013.??.??"]
[WhiteTeam "Hessen 2"]
[BlackTeam "Norwegen 1"]

1. c4 e5 2. Nc3 Nc6 3. g3 g6 4. Bg2 Bg7 5. e3 d6 6. Nge2 Nge7 7. d4 exd4 8.
exd4 O-O 9. O-O Bg4 10. h3 Bxe2 11. Nxe2 Nf5 12. d5 Ne5 13. Qc2 Re8 14. Bd2 Nd7
15. Bc3 Nc5 16. Bxg7 Kxg7 17. b4 Nd7 18. Rfd1 Qf6 19. Re1 Kg8 20. Be4 Ng7 21.
Nd4 h5 22. Nb5 Rec8 23. Re3 a6 24. Nd4 Re8 25. Qc3 h4 26. g4 Qe7 27. Rae1 Rac8
28. Bg2 0-1

[Event "?"]
[Site "?"]
[Date "????.??.??"]
[Round "?"]
[White "Titz, H."]
[Black "Dahl, I."]
[Result "1/2-1/2"]
[WhiteElo "2204"]
[BlackElo "2209"]
[PlyCount "94"]
[EventDate "2013.??.??"]
[WhiteTeam "Wien"]
[BlackTeam "Blindern Oldtimers"]

1. c4 Nf6 2. g3 g6 3. Bg2 Bg7 4. Nc3 O-O 5. Nf3 c5 6. O-O d5 7. cxd5 Nxd5 8.
Nxd5 Qxd5 9. d3 Nc6 10. Be3 Qd6 11. Rc1 Nd4 12. Nd2 Bf5 13. Bxb7 Rab8 14. Nc4
Qd7 15. Bg2 Rfd8 16. Re1 e5 17. b3 Bg4 18. Qd2 Rb5 19. f3 Be6 20. Bg5 f6 21.
Be3 Bd5 22. Bf2 Qb7 23. e4 Bf7 24. Be3 Qa6 25. f4 Qe6 26. fxe5 fxe5 27. Rf1 Qg4
28. Rf2 Bxc4 29. Rxc4 Rf8 30. Bxd4 exd4 31. Qe2 Qxe2 32. Rxe2 Bh6 33. Bh3 Be3+
34. Kg2 Kg7 35. Be6 Rb6 36. Bd5 Rbf6 37. Rxc5 Rf2+ 38. Rxf2 Rxf2+ 39. Kh3 h5
40. Rc7+ Kh6 41. e5 Rxa2 42. Rc6 Bg1 43. Bg2 Re2 44. Rc1 Be3 45. Rc6 Bg1 46.
Rc1 Be3 47. Rc6 Bg1 1/2-1/2

[Event "?"]
[Site "?"]
[Date "????.??.??"]
[Round "?"]
[White "Nordby, B."]
[Black "Singer, H."]
[Result "1/2-1/2"]
[WhiteElo "2097"]
[BlackElo "2168"]
[PlyCount "41"]
[EventDate "2013.??.??"]
[WhiteTeam "Blindern Oldtimers"]
[BlackTeam "Wien"]

1. d4 d5 2. Nf3 Nf6 3. c4 e6 4. Bg5 Be7 5. e3 h6 6. Bh4 O-O 7. Nc3 b6 8. Qb3
Bb7 9. Bxf6 Bxf6 10. cxd5 exd5 11. Rd1 Re8 12. Be2 c6 13. O-O Nd7 14. Rfe1 Qc7
15. Bd3 Rad8 16. e4 dxe4 17. Nxe4 Qf4 18. Nxf6+ Qxf6 19. Be4 g6 20. a4 Kg7 21.
a5 1/2-1/2

[Event "?"]
[Site "?"]
[Date "????.??.??"]
[Round "?"]
[White "Dueckstein, A."]
[Black "Mundal, A."]
[Result "1-0"]
[WhiteElo "2192"]
[BlackElo "1937"]
[PlyCount "37"]
[EventDate "2013.??.??"]
[WhiteTeam "Wien"]
[BlackTeam "Blindern Oldtimers"]

1. e4 e6 2. d4 b6 3. Nc3 Bb7 4. Bd3 Bb4 5. Nf3 Ne7 6. O-O Ng6 7. Qe2 a5 8. Be3
O-O 9. Rad1 Be7 10. d5 Na6 11. Bc4 Qc8 12. Nd4 Nc5 13. f4 Nxe4 14. Nxe4 exd5
15. f5 Ne5 16. f6 Bd8 17. Qh5 d6 18. Ng5 h6 19. fxg7 1-0

[Event "?"]
[Site "?"]
[Date "????.??.??"]
[Round "?"]
[White "Lerstad, B."]
[Black "Strobel, F."]
[Result "1/2-1/2"]
[WhiteElo "1918"]
[BlackElo "2099"]
[PlyCount "28"]
[EventDate "2013.??.??"]
[WhiteTeam "Blindern Oldtimers"]
[BlackTeam "Wien"]

1. e4 d6 2. d4 Nf6 3. Nc3 g6 4. f3 Bg7 5. Be3 O-O 6. Bc4 c6 7. a4 d5 8. Be2
dxe4 9. fxe4 Qa5 10. Qd2 e5 11. d5 cxd5 12. Nxd5 Qd8 13. Nxf6+ Bxf6 14. Nf3
Qxd2+ 1/2-1/2

[Event "?"]
[Site "?"]
[Date "????.??.??"]
[Round "?"]
[White "Bernhardsson, S."]
[Black "Jorgensen, J."]
[Result "1/2-1/2"]
[WhiteElo "2084"]
[BlackElo "2242"]
[PlyCount "56"]
[EventDate "2013.??.??"]
[WhiteTeam "Schweden 3"]
[BlackTeam "Norresundby"]

1. d4 f5 2. Nf3 Nf6 3. g3 g6 4. Bg2 Bg7 5. O-O O-O 6. c4 d6 7. Nc3 c6 8. d5 e5
9. dxe6 Bxe6 10. Qd3 Nbd7 11. Ng5 Ne5 12. Nxe6 Qe7 13. Qc2 Qxe6 14. b3 Rfe8 15.
Bb2 Rad8 16. Rad1 Neg4 17. e3 Nxe3 18. fxe3 Qxe3+ 19. Kh1 Ng4 20. h3 Qxg3 21.
hxg4 Be5 22. Bf3 fxg4 23. Be4 Rf8 24. Na4 Qh3+ 25. Kg1 Qe3+ 26. Kh1 Qh3+ 27.
Kg1 Qe3+ 28. Kh1 Qh3+ 1/2-1/2

[Event "?"]
[Site "?"]
[Date "????.??.??"]
[Round "?"]
[White "Pedersen, S."]
[Black "Andersson, G."]
[Result "1-0"]
[WhiteElo "2225"]
[BlackElo "2073"]
[PlyCount "45"]
[EventDate "2013.??.??"]
[WhiteTeam "Norresundby"]
[BlackTeam "Schweden 3"]

1. e4 e5 2. Nf3 Nc6 3. Be2 Nf6 4. d3 d5 5. Nbd2 Be7 6. c3 O-O 7. Qc2 Be6 8. b4
a6 9. a3 Nd7 10. Bb2 f6 11. h3 Qe8 12. g4 Qf7 13. Nf1 b5 14. exd5 Bxd5 15. c4
bxc4 16. dxc4 Be6 17. Ne3 Nb6 18. Qe4 Nd4 19. Bxd4 exd4 20. Nxd4 Bxc4 21. Nxc4
Nxc4 22. Nf5 Nd6 23. Qxe7 1-0

[Event "?"]
[Site "?"]
[Date "????.??.??"]
[Round "?"]
[White "Danielsson, R."]
[Black "Olesen, P."]
[Result "1-0"]
[WhiteElo "2071"]
[BlackElo "2054"]
[PlyCount "53"]
[EventDate "2013.??.??"]
[WhiteTeam "Schweden 3"]
[BlackTeam "Norresundby"]

1. d4 c5 2. d5 d6 3. e4 e6 4. Nc3 exd5 5. exd5 g6 6. Be2 Bg7 7. Nf3 Nf6 8. O-O
O-O 9. h3 a6 10. a4 b6 11. Bf4 Bb7 12. Qd3 Qc7 13. Nd2 Nbd7 14. Nc4 Ne5 15. Qd2
Rfe8 16. Rfe1 Rad8 17. Bf1 Nxc4 18. Bxc4 Rd7 19. Qd3 Rde7 20. Rxe7 Qxe7 21.
Bxa6 Ne4 22. Re1 Bxc3 23. bxc3 Bxa6 24. Qxa6 Qf6 25. Bg3 Qxc3 26. f3 Re5 27.
Qc8+ 1-0

[Event "?"]
[Site "?"]
[Date "????.??.??"]
[Round "?"]
[White "Grevlund, P."]
[Black "Johansson, P."]
[Result "1/2-1/2"]
[WhiteElo "1952"]
[BlackElo "2007"]
[PlyCount "42"]
[EventDate "2013.??.??"]
[WhiteTeam "Norresundby"]
[BlackTeam "Schweden 3"]

1. e4 c6 2. d4 d5 3. Nc3 dxe4 4. Nxe4 Nf6 5. Nxf6+ gxf6 6. c3 Bf5 7. Nf3 e6 8.
g3 Qd5 9. Bg2 Qc4 10. Nh4 Bg6 11. Nxg6 hxg6 12. Qe2 Qxe2+ 13. Kxe2 Bh6 14. f4
f5 15. b3 Bg7 16. Bb2 Na6 17. h3 O-O-O 18. Rad1 Nc7 19. Kf2 Nd5 20. Rd2 Nf6 21.
Ke3 Nd5+ 1/2-1/2

[Event "?"]
[Site "?"]
[Date "????.??.??"]
[Round "?"]
[White "Weiß"]
[Black "Eichner, C."]
[Result "1-0"]
[WhiteElo "2189"]
[BlackElo "2086"]
[PlyCount "71"]
[EventDate "2013.??.??"]
[WhiteTeam "BSW/DBAG 1"]
[BlackTeam "SV TUR Dresden"]

1. e4 e5 2. Bc4 Nf6 3. Nf3 Nc6 4. d4 exd4 5. O-O Nxe4 6. Re1 d5 7. Bxd5 Qxd5 8.
Nc3 Qh5 9. Nxe4 Be6 10. Bg5 Bd6 11. Bf6 O-O 12. Nxd6 cxd6 13. Bxd4 Bg4 14. Bc3
Rfe8 15. Qxd6 Bxf3 16. Qg3 f6 17. gxf3 Ne5 18. Bxe5 fxe5 19. Qg4 Qf7 20. Rad1
Rac8 21. Rd7 Rc4 22. Rxf7 Rxg4+ 23. fxg4 Kxf7 24. Rd1 Ke6 25. Kg2 Rc8 26. Rd2
Rc4 27. f3 g5 28. Kf2 a6 29. Ke3 a5 30. h3 Ra4 31. a3 Rc4 32. c3 a4 33. Rd8 Rf4
34. Rb8 Rf7 35. Rd8 e4 36. Re8+ 1-0